Science and the modern world
Wedi'i Gadw mewn:
| Prif Awdur: | |
|---|---|
| Fformat: | Llyfr |
| Iaith: | Undetermined |
| Cyhoeddwyd: |
New York
Macmillan Publishing Co., Inc
1925
|
| Pynciau: | |
| Tagiau: |
Ychwanegu Tag
Dim Tagiau, Byddwch y cyntaf i dagio'r cofnod hwn!
|
| Thư viện lưu trữ: | Trung tâm Học liệu Trường Đại học Cần Thơ |
|---|
| LEADER | 00495nam a2200181Ia 4500 | ||
|---|---|---|---|
| 001 | CTU_81480 | ||
| 008 | 210402s9999 xx 000 0 und d | ||
| 082 | |a 501 | ||
| 082 | |b W592 | ||
| 100 | |a Whitehead, Alfred North | ||
| 245 | 0 | |a Science and the modern world | |
| 245 | 0 | |c Alfred North Whitehead | |
| 260 | |a New York | ||
| 260 | |b Macmillan Publishing Co., Inc | ||
| 260 | |c 1925 | ||
| 650 | |a Science | ||
| 904 | |i Trọng Hải | ||
| 980 | |a Trung tâm Học liệu Trường Đại học Cần Thơ | ||